Objectors use land loophole (Record no. 77803)
[ view plain ]
| 000 -LEADER | |
|---|---|
| fixed length control field | 01047cab a2200205 4500 |
| 001 - CONTROL NUMBER | |
| control field | ##L135143 |
| 008 - FIXED-LENGTH DATA ELEMENTS--GENERAL INFORMATION | |
| fixed length control field | 060928n2006 000 0 eng u |
| 035 ## - SYSTEM CONTROL NUMBER | |
| System control number | (Sirsi) u135143 |
| 041 0# - LANGUAGE CODE | |
| Language code of text/sound track or separate title | eng |
| 100 1# - MAIN ENTRY--PERSONAL NAME | |
| Personal name | Boswall, Julian |
| 245 00 - TITLE STATEMENT | |
| Title | Objectors use land loophole |
| 260 ## - PUBLICATION, DISTRIBUTION, ETC. | |
| Date of publication, distribution, etc. | 2006 |
| 490 #0 - SERIES STATEMENT | |
| Series statement | Planning (for the Natural and Built Environment) |
| Volume/sequential designation | (1687) 22 September 2006, 14(1) |
| 520 ## - SUMMARY, ETC. | |
| Summary, etc. | Describes how the threat to development plans from village green registration applications is becoming more potent and complicated than ever before, leading to a real risk of sterilisation of some development land. Considers the important changes to village green law set out in the Commons Act 2006 and the effect of recent judgments. Suggests that owners of open development land and their advisers should act now to devise a village green strategy alongside their planning strategy. |
| 590 ## - LOCAL NOTE (RLIN) | |
| Local note | IKA031006 |
| 650 24 - SUBJECT ADDED ENTRY--TOPICAL TERM | |
| Topical term or geographic name entry element | COMMONS ACT 2006 |
| 651 #4 - SUBJECT ADDED ENTRY--GEOGRAPHIC NAME | |
| Geographic name | England and Wales |
| Chronological subdivision | 1543- |
| 690 ## - LOCAL SUBJECT ADDED ENTRY--TOPICAL TERM (OCLC, RLIN) | |
| Topical term or geographic name as entry element | PROPERTY-RURAL AND NATURAL ASSETS |
| 942 ## - ADDED ENTRY ELEMENTS (KOHA) | |
| Suppress in OPAC | 0 |
| Withdrawn status | Lost status | Source of classification or shelving scheme | Damaged status | Not for loan | Home library | Current library | Shelving location | Date acquired | Total Checkouts | Full call number | Barcode | Date last seen | Copy number | Price effective from | Koha item type |
|---|---|---|---|---|---|---|---|---|---|---|---|---|---|---|---|
| Dewey Decimal Classification | London | London | Journal article | 28/09/2006 | L135143 | 135143-1001 | 06/08/2019 | 1 | 06/08/2019 | Journal article |